| 000 | 00758cam a2200241 a 4500 | ||
|---|---|---|---|
| 001 | 655460 | ||
| 005 | 20171219073641.0 | ||
| 008 | 941027s1995 enk b 001 0 eng | ||
| 010 | _a 94060878 | ||
| 020 | _a1850439052 | ||
| 040 |
_aDLC _cDLC _dDLC |
||
| 041 | _aeng | ||
| 043 | _aa-ir--- | ||
| 080 | _a955.054 RAH | ||
| 082 | 0 | 0 |
_a955.054 RAH _220 |
| 100 | _a17 | ||
| 101 | _aHIS | ||
| 245 | 0 | 0 |
_aIran after the revolution : _cedited by Saeed Rahnema and Sohrab Behdad. |
| 504 | _aIncludes bibliographical references (p. 269-279) and index. | ||
| 906 |
_a7 _bcbc _corignew _d2 _eopcn _f19 _gy-gencatlg |
||
| 942 |
_2ddc _cBK |
||
| 999 |
_c39169 _d39169 |
||